Statistics for 45 second baseball quiz!

Click here to take the quiz!

General Stats

  • This quiz has been taken 36 times
  • The average score is 5 of 10

Answer Stats

HintAnswer% Correct
nicknamed the "hot corner"third base
82%
took an excessive amount of steroids, and has the most career homersBarry Bonds
75%
The grass after the diamondOutfield
64%
how many mlb stadiums have retractable/permanent roofs6
57%
cheaters with trash canastros
50%
mariners, reds, White Sox, marinersKen Griffey Jr
50%
dated Jennifer LopezAlex Rodriguez
39%
hit the walk off home run in the 1960 WSbill Mazeroski
25%
hit the "swing of his life" in the 2022 NLCSBryce harper
21%
cubs, mets, tigersjavy Baez
14%

Score Distribution

Percentile by Number Answered

Percent of People with Each Score

Your Score History

You have not taken this quiz